000 00617nam a2200181 i 4500
001 146973
003 ES-MaACL
005 20230906201743.0
007 t|
008 070920s1969 sp ||||1| spa d
100 1 _aTshombe, Moïse.
_9111606
245 1 0 _aQuince meses de gobierno en el Congo /
_cMoïse Tshombe ; [traductor Alberto Martín Gómez].
260 _aMadrid :
_bIbérico Europea,
_c[1969]
300 _a117 p. ;
_c22 cm.
651 _aCongo (República Democrática)-
_xHistoria-
_y1960-1965, Guerra civil.
_98079
700 1 _aMartín Gómez, Alberto.
_977511
852 _aES-MaACL
_jC-38893
_bR.70957
999 _c146973
_d146973